ბათუმის შოთა რუსთაველის სახელმწიფო უნივერსიტეტის ბიბლიოთეკა

ენნეადები / (ბიბ.ჩანაწერი № 55169)

000 -ლიდერი
ფიქსირებული სიგრძის საკონტროლო ველი 01516nam a2200301Ia 4500
001 - საკონტროლო ნომერი
საკონტროლო ველი 22244
003 - საკონტროლო ნომრის იდენტიფიკატორი
საკონტროლო ველი GE_BSU
005 - ბოლო ოპერაციის თარიღი და დრო
საკონტროლო ველი 20220602135726.0
008 - ფიქსირებული სიგრძის მონაცემთა ელემენტები - ზოგადი ინფორმაცია
ფიქსირებული სიგრძის საკონტროლო ველი 181216s2015ge xx |||||||||||||| ||geo||
020 ## - წიგნის საერთაშორისო სტანდარტული ნომერი
International Standard Book Number 9789941078859
040 ## - კატალოგიზაციის წყარო
Transcribing agency GE_BSU
041 ## - ენის კოდი
Language code of text/sound track or separate title geo
080 ## - უნივერსალური ათობითი კლასიფიკაციის ინდექსი
Universal Decimal Classification number 11+130.3+141.131 პ-57
100 ## - მთავარი ჩანაწერი - პიროვნების სახელი
Personal name პლოტინი
9 (RLIN) 13953
245 ## - ცნობა სათაურის შესახებ
Title ენნეადები /
Statement of responsibility, etc პლოტინი, ძველი ბერძნულიდან თარგმნა და წინასიტყვაობა დაურთო ბაჩანა ბრეგვაძემ ; რედ. გურამ თევზაძე ; მხატვ: გიორგი წერეთელი, ოთარ მეგრელიძე
264 ## - წარმოების, გამოცემის, დისტრიბუციის და სხვა ცნობები
გამოცემის, წარმოების, დისტრიბუციის... ადგილი თბილისი :
გამოცემის, წარმოების, დისტრიბუციის... სახელწოდება Carpe diem,
გამოცემის, წარმოების, დისტრიბუციის... თარიღი 2015.
300 ## - ფიზიკური აღწერა
Extent 299 გვ. ;
Dimensions 20 სმ.
653 ## - INDEX TERM--UNCONTROLLED
Uncontrolled term ენნეადები
653 ## - INDEX TERM--UNCONTROLLED
Uncontrolled term მეტაფიზიკა
653 ## - INDEX TERM--UNCONTROLLED
Uncontrolled term ყოფიერება
653 ## - INDEX TERM--UNCONTROLLED
Uncontrolled term სამყაროული ცნობიერება
653 ## - INDEX TERM--UNCONTROLLED
Uncontrolled term ნეოპლატონიზმი
700 ## - ADDED ENTRY--PERSONAL NAME
Personal name ბრეგვაძე, ბაჩანა
Relator term მთარგმნელი
9 (RLIN) 3536
700 ## - ADDED ENTRY--PERSONAL NAME
Personal name თევზაძე, გურამ
Relator term რედაქტორი
9 (RLIN) 13954
700 ## - ADDED ENTRY--PERSONAL NAME
Personal name წერეთელი, გიორგი
Relator term მხატვარი
9 (RLIN) 13955
700 ## - ADDED ENTRY--PERSONAL NAME
Personal name მეგრელიძე, ოთარ
Relator term მხატვარი
9 (RLIN) 13956
942 ## - ADDED ENTRY ELEMENTS (KOHA)
Koha item type წიგნი
Source of classification or shelving scheme
ეგზემპლარები
ჩამოწერის სტატუსი დაკარგული ეგზემპლარის სტატუსი კლასიფიკაციის წყარო ან თაროზე გაწყობის სქემა დაზიანების სტატუსი არ გაიცემა მუდმივი მდებარეობა (დაცვის ადგილი) ამჟამინდელი ადგილსამყოფელი თაროზე განთავსების ადგილი შეძენის თარიღი ღირებულება, შესყიდვის ნორმალური ფასი სრული შენახვის შიფრი შტრიხკოდი ბოლო ოპერაციის თარიღი ეგზემპლარის მიმდევრობითი ნომერი (კეტერი?) ფასის ძალაში შესვლის თარიღი ეგზემპლარის სახეობა საჯარო შენიშვნა
          ბათუმის შოთა რუსთაველის სახელმწიფო უნივერსიტეტის მთავარი ბიბლიოთეკა ბათუმის შოთა რუსთაველის სახელმწიფო უნივერსიტეტის მთავარი ბიბლიოთეკა წიგნსაცავი 2018-12-17 14.00 11+130.3+141.131 პ-57 57288 2018-12-17 57288 2018-12-17 წიგნი 14.00
          ბათუმის შოთა რუსთაველის სახელმწიფო უნივერსიტეტის მთავარი ბიბლიოთეკა ბათუმის შოთა რუსთაველის სახელმწიფო უნივერსიტეტის მთავარი ბიბლიოთეკა წიგნსაცავი 2018-12-17 14.00 11+130.3+141.131 პ-57 57289 2018-12-17 57289 2018-12-17 წიგნი 14.00
          ბათუმის შოთა რუსთაველის სახელმწიფო უნივერსიტეტის მთავარი ბიბლიოთეკა ბათუმის შოთა რუსთაველის სახელმწიფო უნივერსიტეტის მთავარი ბიბლიოთეკა წიგნსაცავი 2018-12-17 14.00 11+130.3+141.131 პ-57 57290 2018-12-17 57290 2018-12-17 წიგნი 14.00
          ბათუმის შოთა რუსთაველის სახელმწიფო უნივერსიტეტის მთავარი ბიბლიოთეკა ბათუმის შოთა რუსთაველის სახელმწიფო უნივერსიტეტის მთავარი ბიბლიოთეკა წიგნსაცავი 2022-06-02 20.00 11+130.3+141.131 პ-57 62533 2022-06-02 62533 2022-06-02 წიგნი 20.00
          ბათუმის შოთა რუსთაველის სახელმწიფო უნივერსიტეტის მთავარი ბიბლიოთეკა ბათუმის შოთა რუსთაველის სახელმწიფო უნივერსიტეტის მთავარი ბიბლიოთეკა წიგნსაცავი 2022-06-02 20.00 11+130.3+141.131 პ-57 62532 2022-06-02 62532 2022-06-02 წიგნი 20.00